| 000 | 00966nam a2200313ui 4500 | ||
|---|---|---|---|
| 001 | 200453244 | ||
| 003 | TR-AnTOB | ||
| 005 | 20241101140443.0 | ||
| 007 | ta | ||
| 008 | 230605s2007 a 1 tur d | ||
| 020 | _a9789752271413 | ||
| 040 |
_aTR-AnTOB _beng _erda _cTR-AnTOB |
||
| 041 | 1 |
_atur _heng |
|
| 060 |
_aWG 17 _bN469 2007 |
||
| 096 |
_aWG17 _bN469 2007 |
||
| 100 | 1 |
_aNetter, Frank H. _q(Frank Henry), _d1906-1991 _995129 |
|
| 245 | 1 | 4 |
_aThe netter collection of medical illustrations: Kalp / _cFrank H. Netter ; Çeviri editörü: Çetin Erol |
| 264 | 1 |
_aAnkara : _bGüneş Tıp Kitabevi, _c2007. |
|
| 264 | 4 | _c©2007 | |
| 300 |
_axvi, 293 pages ; _billustrations. _c30 cm |
||
| 336 |
_atext _btxt _2rdacontent |
||
| 337 |
_aunmediated _bn _2rdamedia |
||
| 338 |
_avolume _bnc _2rdacarrier |
||
| 500 | _aIncludes bibliographical and index. | ||
| 650 | 0 | _aKalp. | |
| 650 | 0 |
_aHeart. _9124526 |
|
| 942 |
_2NLM _cBK |
||
| 999 |
_c200453244 _d71456 |
||